Fictional TV Schools Quiz Stats

 Plays Quiz Updated Nov 13, 2018

Support Sporcle.
Go Orange.
Score 0/22 Timer 08:00
3 Plays Today
School TV Series % Correct
Bayside High SchoolSaved By The Bell
78%
Springfield Elementary SchoolThe Simpsons
73.3%
West Beverly High SchoolBeverly Hills, 90210
61.5%
James Woods Regional High SchoolFamily Guy
46.7%
High School Of The Performing ArtsFame
37.2%
William McKinley High SchoolGlee / The Wonder Years
35.3%
Chilton AcademyGilmore Girls
34.7%
John Adams High SchoolBoy Meets World
34.1%
Sunnydale High SchoolBuffy The Vampire Slayer
28.9%
Capeside High SchoolDawson's Creek
27.3%
Tom Landry Middle SchoolKing Of The Hill
23.7%
School TV Series % Correct
Eastland AcademyThe Facts Of Life
15.1%
Third Street Elementary SchoolRecess
13.5%
James Buchanan High SchoolWelcome Back, Kotter
12.4%
Neptune High SchoolVeronica Mars
12.2%
McKinley HighFreaks And Geeks
10.3%
Seaview Middle School/Seaview HighHannah Montana
10.1%
Millard Fillmore High SchoolHead Of The Class / The Brady Bunch
9.5%
Winslow High SchoolBoston Public
5%
Liberty High SchoolMy So-Called Life
4.5%
Walkerville ElementaryThe Magic School Bus
2.4%
Oakbridge HighHangin' With Mr. Cooper
2.2%

From the Vault

10 to 1: Winter

by senordingdong

Trivia is a dish best served cold.
Remove Ads.
Support Sporcle.
Get the best of Sporcle when you Go Orange. This ad-free experience offers more features, more stats, and more fun while also helping to support Sporcle. Thank you for becoming a member.

Show Comments

Extras

Top Quizzes Today


Score Distribution

Your Account Isn't Verified!

In order to create a playlist on Sporcle, you need to verify the email address you used during registration. Go to your Sporcle Settings to finish the process.

Report this User

Report this user for behavior that violates our Community Guidelines.

Details: